One Piece: Les personnages qui ont navigué avec Luffy - Statistiques

Statistiques générales
  • Ce quiz a été pris 327 fois
    295 depuis la dernière actualisation
  • Le résultat moyen est 20 sur 32
Statistiques - réponses
Personnage % Correct
Nami
99%
Roronoa Zoro
98%
Sanji
98%
Tony Tony Chopper
97%
Brook
94%
Franky
94%
Nico Robin
94%
Usopp
93%
Vivi
88%
Jinbe
87%
Trafalgar Law
75%
Momonosuke
70%
Carrot
68%
Kin'emon
68%
Kanjuro
57%
Pedro
57%
Baggy
54%
Kaloo
52%
Crocodile
49%
Jewerly Bonney
47%
Cesar Clown
46%
Ivankov
46%
Boa Hancock
41%
Caribou
40%
Inazuma
38%
Bartholomew Kuma
37%
Lilith
37%
Bartolomeo
36%
Galdino
35%
Pekoms
30%
Daz Bones
29%
Gambia
11%
Aucun quiz correspondant
Distribution des résultats
% des personnes avec chaque résultat
Percentile par nombre de réponses
Votre historique - résultats
Vous n’avez pas pris ce quiz depuis la dernière actualisation